000 00963nas a2200313 4500
001 BR8007702
003 BR-BrBNA
005 20231205084444.0
007 ta
008 230509b bl.|||p| |||| 00| 00por d
040 _aBR-BrBNA
_bpor
_cBiblioteca Nacional de Agricultura
041 _a(Pt)
072 _aF03; J11
100 1 _aBosco, J.
100 1 _aPopinigis, F.
100 1 _aPeske, S.T.
100 1 _aSilveira Junior, P.
245 1 _aArmazenamento de semente de feijao vigna (Vigna unguiculata (L.). Walp)em algumas localidades do Norte e Nordeste do Brasil
650 _aARMAZENAMENTO
650 _aSEMENTE
650 _aTEOR DE UMIDADE
650 _aFEIJAO DE CORDA
650 _aARMAZEM
650 _aREGIAO NORTE
650 _aREGIAO NORDESTE
773 0 _tRevista Brasileira de Armazenamento (Brazil)
_xISSN 0100-3518
_g(Dec 1980), v. 5(2) p. 37-42
_wBR8007702
909 _a202311
_bLúcia
_c55
_dLúcia Elande
942 _2AGRIS
_n0
_cANA
999 _c105350
_d105350